Biblioteca

The church of the poor: (Registro nro. 70305)

Detalles MARC
000 -LÍDER
Campo fijo de descripción fija 01221nab a2200241 i 4500
001 - NÚMERO DE CONTROL
Campo de control 768714001
003 - IDENTIFICADOR DEL NÚMERO DE CONTROL
Campo de control CO-MdFUSB
005 - FECHA Y HORA DE LA ULTIMA TRANSACCIÓN
control field 20240620100324.0
008 - ELEMENTOS DE LONGITUD FIJA -- INFORMACIÓN GENERAL
Campo fijo de descripción fija -- Información general 240620t1983 us ||||| |||| 00| 0 eng d
040 ## - FUENTE DE CATALOGACIÓN
Idioma de catalogación spa
Agencia que realiza la transcripción CO-MdFUSB
Agencia que realiza la modificación CO-MdFUSB
041 ## - CÓDIGO DE IDIOMA
Código de idioma para texto/pista de sonido o título separado eng
100 ## - ASIENTO PRINCIPAL--NOMBRE PERSONAL
Nombre personal Peck, Jane Cary,
Fechas asociadas con el nombre 1932- ‎
Término relacionador autor
245 13 - TÍTULO
Título The church of the poor:
Subtitulo church of life
Mención de responsabilidad / Jane Cary Peck
520 ## - NOTA DE RESUMEN, ETC.
Nota de sumario, etc. Mientras los cristianos de todo el mundo comienzan a reflexionar sobre el tema "Sí, Cristo, la vida del mundo" en preparación para la Asamblea del Consejo Mundial de Iglesias de 1983, tengo presente particularmente lo que se llama la Iglesia de los Pobres en América Latina. Como Cuerpo de Cristo en medio de una sociedad de muerte, esta iglesia anuncia y celebra la Buena Nueva del Dios de la vida y vive ministerios de esperanza.
546 ## - NOTA DE IDIOMA
Nota de idioma Texto en inglés.
650 #7 - ASIENTO SECUNDARIO DE MATERIA - TERMINO TEMÁTICO
Término temático o nombre geográfico como elemento de entrada Cristología
9 (RLIN) 239
650 #0 - ASIENTO SECUNDARIO DE MATERIA - TERMINO TEMÁTICO
Término temático o nombre geográfico como elemento de entrada Iglesia y problemas sociales
9 (RLIN) 1177
650 #0 - ASIENTO SECUNDARIO DE MATERIA - TERMINO TEMÁTICO
Término temático o nombre geográfico como elemento de entrada Predicación
9 (RLIN) 54
650 #0 - ASIENTO SECUNDARIO DE MATERIA - TERMINO TEMÁTICO
Término temático o nombre geográfico como elemento de entrada Misiones
9 (RLIN) 154
773 0# - ASIENTO DE ITEM FUENTE
Biblionumber 49486
Itemnumber 61132
Lugar, editorial y fecha de publicación Pasadena
Otro identificador del ítem R0882
Título Missiology:
Número de control del registro (CO-MdFUSB)97
Parte(s) relacionada(s) / Volumen., número. (mes año), páginas Volumen 11, (número1, 1983) páginas: 31 - 46
Enumeración y primera página página: 31
942 ## - TIPO DE MATERIAL (KOHA)
Tipo de Item KOHA Artículos de Revista
945 ## - INFORMACIÓN LOCAL DEL REGISTRO
Catalogador Catherine Arias Álvarez - Practicante SENA

No hay ítems disponibles.

Biblioteca FUSBC | Teléfono: (57+4) 349 88 10 Ext. 141| WhatsApp (+57) 3005338115 
E-mail: biblioteca@unisbc.edu.co | Calle 76 87-14 Robledo Palenque, Medellín, Colombia

Con tecnología Koha